Minerals and rocks in colour / (Record no. 134411)

MARC details
000 -LEADER
fixed length control field 00698nam a22002537a 4500
005 - DATE AND TIME OF LATEST TRANSACTION
control field 20170124110225.0
010 ## - LIBRARY OF CONGRESS CONTROL NUMBER
LC control number A-057603
020 ## - INTERNATIONAL STANDARD BOOK NUMBER
Terms of availability £3.95
International Standard Book Number 0713707836
035 ## - SYSTEM CONTROL NUMBER
System control number A-057603
037 ## - SOURCE OF ACQUISITION
Source of stock number/acquisition Cen Lib/Ret
040 ## - CATALOGING SOURCE
Original cataloging agency DPL
Language of cataloging EN
082 ## - DEWEY DECIMAL CLASSIFICATION NUMBER
Classification number 549
Item number KIR
100 ## - MAIN ENTRY--PERSONAL NAME
Personal name Kirkaldy, J. F.
9 (RLIN) 40655
245 ## - TITLE STATEMENT
Title Minerals and rocks in colour /
Statement of responsibility, etc by J. F. Kirkaldy
250 ## - EDITION STATEMENT
Edition statement 3rd ed
260 ## - PUBLICATION, DISTRIBUTION, ETC. (IMPRINT)
Place of publication, distribution, etc Poole
Name of publisher, distributor, etc Blandford Press
Date of publication, distribution, etc 1976
270 ## - ADDRESS
Address Link House, West
City Poole
300 ## - PHYSICAL DESCRIPTION
Extent 184p. :
Dimensions 19cm(Hb)
Other physical details col. ill.
490 ## - SERIES STATEMENT
Series statement Blandford colour series
500 ## - GENERAL NOTE
General note Includes index
650 ## - SUBJECT ADDED ENTRY--TOPICAL TERM
Topical term or geographic name as entry element Rocks
9 (RLIN) 40656
650 ## - SUBJECT ADDED ENTRY--TOPICAL TERM
Topical term or geographic name as entry element Mineralogy
9 (RLIN) 40657
942 ## - ADDED ENTRY ELEMENTS (KOHA)
Source of classification or shelving scheme Dewey Decimal Classification
Koha item type English Books
Classification part 549
Call number suffix KIR
Holdings
Withdrawn status Lost status Damaged status Not for loan Collection code Home library Current library Date acquired Source of acquisition Cost, normal purchase price Total Checkouts Full call number Barcode Date last seen Copy number Cost, replacement price Price effective from Koha item type
      Not For Loan Reference Central Library Central Library 30/07/2015 Cen Lib/Ret 0.00   549 KIR A-057603 30/07/2015 1 0.00 30/07/2015 English Books

© Delhi Public Library
Hit Counter
free hit counter